| 000 | 00751nam a2200169 4500 | ||
|---|---|---|---|
| 001 | 139957 | ||
| 003 | ES-MaACL | ||
| 005 | 20230906195945.0 | ||
| 007 | t| | ||
| 008 | 070214s1960 sp r ||||1| spa d | ||
| 100 | 1 |
_aSchmidt, Fritz A. F. _9104474 |
|
| 245 | 1 | 0 |
_aMáquinas de combustión _b: motores y turbinas de gas : principios termodinámicos y experimentales de los motores de combustión / _cFritz A. F. Schmidt ; traducción de la 3ª ed. alemana, actualizada y ampliada expresamente para la versión española por Juan José Chico Gárate. |
| 260 |
_aBarcelona [etc.] : _bLabor, _c1960. |
||
| 300 |
_aXII, 499 p. : _bil. ; _c23 cm + _e5 gráf. pleg. |
||
| 700 | 1 |
_aChico Gárate, Juan José. _938489 |
|
| 852 |
_aES-MaACL _jC-18237 _bR.45052 |
||
| 999 |
_c139957 _d139957 |
||